Rain on Me - Lady Gaga ft. Ariana Grande (All Lyrics) - Statistics

General Stats
  • This quiz has been taken 517 times
  • The average score is 233 of 285
Answer Stats
Answer % Correct
Ariana | Lady Gaga I
98%
me
98%
me.
98%
me,
98%
me?
98%
on
98%
rain
98%
Rain
98%
rain,
98%
rain.
98%
a
96%
At
90%
at
90%
I'm
90%
be
87%
you
87%
but
86%
least
86%
the
86%
to
86%
alive.
83%
for
82%
it
81%
up,
80%
up
80%
down
78%
down,
78%
ask
77%
my
76%
Chorus I'd
75%
in
75%
in.
75%
It's
75%
no
75%
rather
75%
show
75%
time.
75%
free
74%
good
74%
we
74%
coming
73%
real
73%
ride.
73%
didn't
72%
like
72%
only
72%
dry,
70%
never
70%
your
70%
try.
69%
all.
68%
asked
68%
sky.
68%
I'll
67%
can
66%
misery.
66%
fly.
64%
not
64%
about
63%
feel
63%
showed
63%
face.
62%
Lady Gaga Hands
62%
innocent.
62%
skin.
62%
galaxy.
61%
Oh,
61%
one's
61%
rainfall.
61%
where
61%
So
60%
world
58%
don't
57%
mind.
57%
Water
56%
lose
55%
Ariana Teardrops
55%
nothing
54%
Ariana Let
53%
wash
53%
away
52%
away.
52%
keep
51%
ready,
51%
Ariana Grande Living
50%
tsunami.
50%
hear
48%
Gotta
46%
won't
46%
bottled
45%
sins.
45%
truth,
45%
live
42%
thunder
42%
No matching quizzes found
Score Distribution
Percent of People with Each Score
Percentile by Number Answered
Your Score History
You have not taken this quiz